De desafiliaciones y desligamientos (Registro nro. 16607)
[ vista simple ]
| 000 -LEADER | |
|---|---|
| fixed length control field | 00355 a2200121 4500 |
| 001 - CONTROL NUMBER | |
| control field | ART_3676 |
| 005 - DATE AND TIME OF LATEST TRANSACTION | |
| control field | 20260410161717.0 |
| 008 - FIXED-LENGTH DATA ELEMENTS--GENERAL INFORMATION | |
| fixed length control field | 260409a |
| 100 1# - MAIN ENTRY--PERSONAL NAME | |
| Personal name | Craviotti, Clara |
| 245 10 - TITLE STATEMENT | |
| Title | De desafiliaciones y desligamientos |
| 700 1# - ADDED ENTRY--PERSONAL NAME | |
| Personal name | Gras, Carla |
| 773 0# - HOST ITEM ENTRY | |
| Title | Desarrollo económico |
| Related parts | - Vol. 46, Nº 181 (abr./jun. 2006) |
| Record control number | REV1174 |
No hay ítems disponibles.